[Event "Muensterland op 38th"]
[Site "Muenster"]
[Date "2021.10.08"]
[Round "1"]
[White "Meyer, Ulrich"]
[Black "Froeyman, Helmut"]
[Result "0-1"]
[WhiteElo "1862"]
[BlackElo "2277"]
[PlyCount "76"]
[EventDate "2021.10.08"]
[EventType "swiss"]
[EventRounds "9"]
[EventCountry "GER"]
[SourceTitle "EXT 2023"]
[Source "ChessBase"]
[SourceDate "2022.10.05"]
[SourceVersion "1"]
[SourceVersionDate "2022.10.05"]
[SourceQuality "1"]

1. d4 f5 2. Bg5 h6 3. Bh4 g5 4. e3 Bg7 5. Bg3 c5 6. c3 Qb6 7. Qd2 Nf6 8. f3 d6 9. Bd3 0-0 10. Ne2 Nc6 11. Na3 e5 12. Nc4 Qc7 13. Bf2 Be6 14. Na3 Qf7 15. b3 a6 16. Rc1 Rad8 17. 0-0 Rfe8 18. Bb1 Qf8 19. Nc2 b5 20. Ne1 c4 21. b4 Qf7 22. Ng3 Ne7 23. e4 f4 24. Ne2 d5 25. Qc2 dxe4 26. fxe4 Qh5 27. Nf3 Ng6 28. dxe5 Ng4 29. Ned4 N6xe5 30. h3 Nxf2 31. Qxf2 Nxf3+ 32. Nxf3 Bf7 33. Qb6 Qg6 34. Qf2 Qd6 35. Rfe1 Be5 36. Qe2 Qf6 37. a4 Bxc3 38. e5 Bxe1 0-1

[Event "Muensterland Regionalliga 1819"]
[Site "Germany"]
[Date "2019.03.23"]
[Round "8.6"]
[White "Pinno, Gregor"]
[Black "Meyer, Ulrich"]
[Result "0-1"]
[WhiteElo "1813"]
[BlackElo "1867"]
[PlyCount "70"]
[EventDate "2018.09.08"]
[EventType "team-tourn"]
[EventRounds "9"]
[EventCountry "GER"]
[SourceTitle "EXT 2020"]
[Source "ChessBase"]
[SourceDate "2019.10.17"]
[SourceVersion "1"]
[SourceVersionDate "2019.10.17"]
[SourceQuality "1"]
[WhiteTeam "Olfen"]
[BlackTeam "Muenster II"]
[WhiteTeamCountry "GER"]
[BlackTeamCountry "GER"]

1. Nf3 c5 2. g3 Nc6 3. Bg2 e5 4. d3 d6 5. 0-0 Be7 6. e4 Be6 7. Nc3 h6 8. a4 Nf6 9. Nd2 g5 10. Nc4 Qd7 11. Nd5 Bxd5 12. exd5 Nb4 13. Ne3 0-0-0 14. c3 Na6 15. Bd2 Kb8 16. b4 cxb4 17. cxb4 Rc8 18. Qb3 g4 19. Nc4 Nh7 20. Be3 Bg5 21. b5 Nc5 22. Bxc5 Rxc5 23. Rab1 f5 24. Qa3 Rhc8 25. Na5 f4 26. d4 exd4 27. gxf4 Bxf4 28. Qd3 Ng5 29. Nc6+ Ka8 30. Nxd4 Rc3 31. Qd1 Nf3+ 32. Kh1 Qf7 33. Nxf3 gxf3 34. Bxf3 Be5 35. Bg4 Qf4 0-1

[Event "Muensterland Regionalliga 1819"]
[Site "Germany"]
[Date "2018.12.01"]
[Round "4.7"]
[White "Broemmel, Rudolf"]
[Black "Meyer, Ulrich"]
[Result "1/2-1/2"]
[WhiteElo "1906"]
[BlackElo "1867"]
[PlyCount "109"]
[EventDate "2018.09.08"]
[EventType "team-tourn"]
[EventRounds "9"]
[EventCountry "GER"]
[SourceTitle "EXT 2020"]
[Source "ChessBase"]
[SourceDate "2019.10.17"]
[SourceVersion "1"]
[SourceVersionDate "2019.10.17"]
[SourceQuality "1"]
[WhiteTeam "Raesfeld Erle"]
[BlackTeam "Muenster II"]
[WhiteTeamCountry "GER"]
[BlackTeamCountry "GER"]

1. d4 d5 2. Bg5 h6 3. Bh4 g5 4. Bg3 Bg7 5. e3 Bf5 6. Bd3 Bxd3 7. Qxd3 c6 8. Nf3 Qb6 9. Nc3 Nd7 10. 0-0 Ngf6 11. Ne5 Nxe5 12. Bxe5 Nh5 13. Bxg7 Nxg7 14. a4 a5 15. Ra3 0-0 16. Rb3 Qc7 17. e4 e6 18. Qh3 h5 19. f4 g4 20. Qh4 f5 21. e5 Rf7 22. Qe1 Qd8 23. Nd1 h4 24. Ne3 Rc8 25. g3 h3 26. Qd2 b6 27. c4 Ne8 28. cxd5 cxd5 29. Rc1 Rxc1+ 30. Qxc1 Rc7 31. Rc3 Kf7 32. Kf2 Ke7 33. Qc2 Rxc3 34. Qxc3 Qc7 35. Nd1 Kd7 36. Ke3 Qc6 37. Qxc6+ Kxc6 38. Nc3 Nc7 39. Kd3 b5 40. axb5+ Nxb5 41. Na4 Nc7 42. Nc5 Kb5 43. Kc3 a4 44. Nb7 a3 45. bxa3 Ka4 46. Kb2 Na6 47. Ka2 Kb5 48. Nd8 Nc7 49. Kb3 Ka5 50. a4 Kb6 51. Kc3 Ka5 52. Kb3 Kb6 53. Kb4 Na6+ 54. Kc3 Nc7 55. Kb4 1/2-1/2

[Event "Muensterland Regionalliga 1718"]
[Site "Germany"]
[Date "2017.11.11"]
[Round "3.5"]
[White "Haas, Kai Markus"]
[Black "Meyer, Ulrich"]
[Result "1/2-1/2"]
[WhiteElo "1927"]
[BlackElo "1940"]
[PlyCount "127"]
[EventDate "2017.09.02"]
[EventType "team-tourn"]
[EventRounds "9"]
[EventCountry "GER"]
[SourceTitle "EXT 2019"]
[Source "ChessBase"]
[SourceDate "2018.10.10"]
[SourceVersion "1"]
[SourceVersionDate "2018.10.10"]
[SourceQuality "1"]
[WhiteTeam "Nienberge"]
[BlackTeam "Muenster SK II"]
[WhiteTeamCountry "GER"]
[BlackTeamCountry "GER"]

1. f4 d5 2. b3 Nf6 3. Bb2 Bf5 4. Nf3 e6 5. e3 Nbd7 6. Nc3 h6 7. Be2 c6 8. 0-0 Bd6 9. d3 Qc7 10. Qe1 0-0-0 11. d4 g5 12. Ne5 Rdf8 13. Bd3 Ne4 14. Bxe4 dxe4 15. Nc4 Be7 16. Ne2 Rhg8 17. a4 Nf6 18. Ba3 Nd5 19. Bxe7 Qxe7 20. Qd2 f6 21. Rab1 Bg4 22. fxg5 hxg5 23. Ng3 Rh8 24. Nxe4 Kb8 25. Nf2 Bh5 26. Nd3 Bg6 27. Rf2 Rh6 28. g3 Rfh8 29. Re1 Qh7 30. Nc5 Nc3 31. a5 Ne4 32. Nxe4 Bxe4 33. Nd6 Bf3 34. Ree2 Bxe2 35. Qxe2 f5 36. a6 b6 37. Nc4 Rh3 38. Rg2 Qh5 39. Qd2 Qf3 40. Ne5 Qe4 41. Nd3 Qd5 42. Ne5 Kc7 43. c4 Qa5 44. Qxa5 bxa5 45. Nd3 R3h6 46. Ra2 g4 47. Kh1 Rb8 48. Ra3 Kd6 49. Kg1 Rh7 50. Nc5 e5 51. Nb7+ Rhxb7 52. axb7 Rxb7 53. h4 gxh3 54. Kh2 e4 55. Kxh3 a4 56. bxa4 Rb4 57. Kh4 Rxc4 58. Kg5 Ke6 59. g4 fxg4 60. Kxg4 a5 61. Kf4 Kd5 62. Ra1 c5 63. dxc5 Kxc5 64. Ke5 1/2-1/2

[Event "Unna op"]
[Site "Unna"]
[Date "2016.12.29"]
[Round "5"]
[White "Meyer, Ulrich"]
[Black "Tkachuk, Konstantyn"]
[Result "0-1"]
[WhiteElo "1929"]
[BlackElo "2247"]
[PlyCount "40"]
[EventDate "2016.12.27"]
[EventType "swiss"]
[EventRounds "7"]
[EventCountry "GER"]
[SourceTitle "EXT 2018"]
[Source "ChessBase"]
[SourceDate "2017.10.13"]
[SourceVersion "1"]
[SourceVersionDate "2017.10.13"]
[SourceQuality "1"]

1. d4 g6 2. Nf3 Nf6 3. Bg5 Bg7 4. Bxf6 Bxf6 5. c3 0-0 6. e3 d6 7. Nbd2 Nd7 8. Ne4 Bg7 9. h4 d5 10. Ng3 e5 11. dxe5 Nxe5 12. Nxe5 Bxe5 13. Qf3 h5 14. Nxh5 gxh5 15. Qxh5 Qf6 16. Bd3 Qg7 17. f4 Bf6 18. Kf2 Bg4 19. Qxd5 Rad8 20. Qc4 Be6 0-1

[Event "Muensterland Regionalliga 1516"]
[Site "Germany"]
[Date "2015.12.05"]
[Round "4.6"]
[White "Meyer, Ulrich"]
[Black "Kuhlenbaeumer, Alfred"]
[Result "1/2-1/2"]
[WhiteElo "1892"]
[BlackElo "1854"]
[PlyCount "101"]
[EventDate "2015.09.05"]
[EventType "team"]
[EventRounds "9"]
[EventCountry "GER"]
[SourceTitle "EXT 2017"]
[Source "ChessBase"]
[SourceDate "2016.10.25"]
[SourceVersion "1"]
[SourceVersionDate "2016.10.25"]
[SourceQuality "1"]
[WhiteTeam "Muenster SK III"]
[BlackTeam "Telgte"]
[WhiteTeamCountry "GER"]
[BlackTeamCountry "GER"]

1. e4 e5 2. Bc4 Nf6 3. d4 Nc6 4. Nf3 Be7 5. d5 Na5 6. Bd3 Bd6 7. Bd2 b6 8. 0-0 Nb7 9. Nc3 a6 10. Bg5 Nc5 11. Ne2 0-0 12. Ng3 h6 13. Bd2 Re8 14. Nf5 Bf8 15. Qe2 d6 16. Ng3 Bb7 17. c4 Nxd3 18. Qxd3 Bc8 19. b4 Bd7 20. a4 Qe7 21. Rfc1 Reb8 22. Qc3 Qe8 23. a5 Bg4 24. Ne1 Bd7 25. f3 Kh7 26. axb6 cxb6 27. Ra2 Bc8 28. Nd3 Nd7 29. Be3 g6 30. Qd2 Bb7 31. Qf2 Qd8 32. f4 exf4 33. Qxf4 Qf6 34. Qxf6 Nxf6 35. Rf2 Ng4 36. Rf3 Nxe3 37. Rxe3 Ra7 38. Rf3 Kg8 39. Rcf1 Bc8 40. h3 Rc7 41. c5 bxc5 42. bxc5 dxc5 43. Ne5 Bg7 44. Nc4 Rb4 45. Nd6 Bb7 46. Rxf7 Rxf7 47. Nxf7 a5 48. Nd8 Ba6 49. Rf3 Bd4+ 50. Kh2 Rb1 51. Ne6 1/2-1/2

[Event "Berlin Lichtenberger op 13th"]
[Site "Berlin"]
[Date "2014.08.24"]
[Round "9"]
[White "Meyer, Ulrich"]
[Black "Pueschel, Werner"]
[Result "0-1"]
[WhiteElo "2007"]
[BlackElo "2093"]
[PlyCount "96"]
[EventDate "2014.08.16"]
[EventType "swiss"]
[EventRounds "9"]
[EventCountry "GER"]
[SourceTitle "CBM 161 Extra"]
[Source "ChessBase"]
[SourceDate "2014.08.29"]
[SourceVersion "1"]
[SourceVersionDate "2014.08.29"]
[SourceQuality "1"]

1. d4 c5 2. e4 cxd4 3. c3 Nf6 4. e5 Nd5 5. cxd4 e6 6. Nc3 Nxc3 7. bxc3 b6 8. Nf3 Bb7 9. Bd3 Nc6 10. 0-0 Na5 11. Ng5 g6 12. Ne4 Bxe4 13. Bxe4 Rc8 14. Qd3 Qc7 15. Bg5 Bg7 16. Rac1 Qc4 17. Qxc4 Nxc4 18. Rfd1 0-0 19. Rd3 Rfe8 20. f4 h6 21. Bh4 d5 22. Bf3 Rc7 23. Rf1 Rec8 24. Be1 Bf8 25. g4 Ba3 26. Be2 Bc1 27. f5 Ne3 28. Rf3 Nc2 29. Bg3 Bg5 30. Bd1 Na3 31. Be1 Nc4 32. h4 Bc1 33. fxg6 fxg6 34. Rf6 Nb2 35. Bc2 Nxd3 36. Rxg6+ Rg7 37. Bxd3 Rxg6 38. Bxg6 Kg7 39. Bh5 Bb2 40. g5 hxg5 41. Bg4 Kf7 42. hxg5 Bxc3 43. Bf2 Rc6 44. Bh5+ Kg7 45. Be3 Rc4 46. Kg2 Bxd4 47. Bf4 Bb2 48. Bg3 Bc1 0-1

[Event "Berlin Lichtenberger op 13th"]
[Site "Berlin"]
[Date "2014.08.23"]
[Round "8"]
[White "Krefenstein, Sergej"]
[Black "Meyer, Ulrich"]
[Result "1-0"]
[WhiteElo "2094"]
[BlackElo "2007"]
[PlyCount "105"]
[EventDate "2014.08.16"]
[EventType "swiss"]
[EventRounds "9"]
[EventCountry "GER"]
[SourceTitle "CBM 161 Extra"]
[Source "ChessBase"]
[SourceDate "2014.08.29"]
[SourceVersion "1"]
[SourceVersionDate "2014.08.29"]
[SourceQuality "1"]

1. d4 Nf6 2. c4 c5 3. d5 b5 4. cxb5 a6 5. bxa6 Bxa6 6. b3 d6 7. g3 g6 8. Bg2 Bg7 9. Bb2 Nbd7 10. Nh3 0-0 11. 0-0 Qb6 12. Qd2 Rfb8 13. Bc3 Qb5 14. Re1 Ne8 15. Bxg7 Nxg7 16. Nc3 Qa5 17. Ne4 Qa3 18. Nhg5 h6 19. Bh3 f5 20. Ne6 Kh7 21. Nc3 Nxe6 22. dxe6 Nf6 23. e4 fxe4 24. Nxe4 Nxe4 25. Rxe4 Rb4 26. Rxb4 Qxb4 27. Qb2 Bb7 28. Qe2 Qe4 29. Qxe4 Bxe4 30. Re1 Bd5 31. Re2 c4 32. bxc4 Bxc4 33. Rc2 d5 34. Bf1 Rxa2 35. Rc1 Bxf1 36. Kxf1 Ra6 37. Rc7 Kg7 38. Rxe7+ Kf6 39. Rh7 h5 40. e7 Re6 41. Kg2 Rxe7 42. Rxe7 Kxe7 43. Kf3 Kf6 44. Ke3 Ke5 45. f4+ Kf5 46. h3 d4+ 47. Kf3 d3 48. g4+ hxg4+ 49. hxg4+ Ke6 50. Ke3 Ke7 51. Kxd3 Kd7 52. Ke4 Ke6 53. g5 1-0

[Event "Berlin Lichtenberger op 13th"]
[Site "Berlin"]
[Date "2014.08.17"]
[Round "2"]
[White "Gelemerov, Yane"]
[Black "Meyer, Ulrich"]
[Result "1/2-1/2"]
[WhiteElo "2090"]
[BlackElo "2007"]
[PlyCount "162"]
[EventDate "2014.08.16"]
[EventType "swiss"]
[EventRounds "9"]
[EventCountry "GER"]
[SourceTitle "CBM 161 Extra"]
[Source "ChessBase"]
[SourceDate "2014.08.29"]
[SourceVersion "1"]
[SourceVersionDate "2014.08.29"]
[SourceQuality "1"]

1. e4 e5 2. Bc4 Nf6 3. Nc3 Nxe4 4. Qh5 Nd6 5. Bb3 Nc6 6. Nb5 g6 7. Qf3 f5 8. Qd5 Qe7 9. Nxc7+ Kd8 10. Nxa8 b6 11. h4 Bb7 12. d3 f4 13. Qf3 Bh6 14. Qh3 e4 15. d4 Nxd4 16. c3 N4f5 17. Ne2 e3 18. f3 Bxa8 19. Bc2 Qe5 20. b3 Ng3 21. Bb2 Nxe2 22. Kxe2 Nb5 23. Rhd1 Bc6 24. Rd3 Rf8 25. Rb1 Qe7 26. c4 Na3 27. Rc1 Nxc2 28. Rxc2 Rf5 29. Rc1 Rh5 30. Rh1 Bg7 31. Bc1 b5 32. Qg4 Bh6 33. g3 bxc4 34. bxc4 fxg3 35. Qxg3 Qe5 36. Qxe5 Rxe5 37. Bxe3 Bf8 38. Kf2 Rf5 39. Bxa7 Kc7 40. Bd4 Be7 41. Re3 Bd8 42. Kg3 d6 43. Rh2 Kd7 44. f4 Ra5 45. Kg4 Ra4 46. Rc2 Kc7 47. Rec3 Bd7+ 48. Kg3 Bf5 49. Rb2 Kc6 50. Be3 Be6 51. c5 d5 52. Rd3 Bf5 53. Rdd2 Ba5 54. Rh2 d4 55. Bd2 Bc3 56. Bxc3 dxc3 57. Rb3 Rc4 58. Rh1 c2 59. Rc1 Kxc5 60. Kf3 Kd5 61. a3 Rc7 62. Ke2 Kc4 63. Re3 Rd7 64. a4 Rd1 65. Rxc2+ Bxc2 66. a5 Ra1 67. Re5 Kd4 68. h5 Bd3+ 69. Kf2 Rh1 70. hxg6 hxg6 71. Re6 Rh5 72. a6 Ra5 73. Kf3 Rxa6 74. Re5 Bf5 75. Kf2 Rf6 76. Kf3 Ra6 77. Rb5 Ra3+ 78. Kf2 Be4 79. Rb4+ Kd5 80. Rb5+ Ke6 81. Re5+ Kf6 1/2-1/2

[Event "Muensterland Regionalliga 1314"]
[Site "Germany"]
[Date "2014.04.05"]
[Round "8.3"]
[White "Gajic, Goran"]
[Black "Meyer, Ulrich"]
[Result "1/2-1/2"]
[WhiteElo "1950"]
[BlackElo "1963"]
[PlyCount "99"]
[EventDate "2013.09.07"]
[EventType "team-tourn"]
[EventRounds "9"]
[EventCountry "GER"]
[SourceTitle "EXT 2015"]
[Source "ChessBase"]
[SourceDate "2014.11.20"]
[SourceVersion "1"]
[SourceVersionDate "2014.11.20"]
[SourceQuality "1"]
[WhiteTeam "Bocholt"]
[BlackTeam "Sendenhorst"]
[WhiteTeamCountry "GER"]
[BlackTeamCountry "GER"]

1. f4 d5 2. Nf3 c5 3. e3 Nf6 4. b3 a6 5. Bb2 Nc6 6. Be2 Bg4 7. 0-0 e6 8. Ne5 Bxe2 9. Qxe2 Qc7 10. d3 Bd6 11. Ng4 Be7 12. Ne5 h5 13. Nd2 Bd6 14. Ndf3 0-0-0 15. Nxc6 Qxc6 16. Be5 Ne8 17. d4 c4 18. Bxd6 Nxd6 19. Ne5 Qc7 20. bxc4 Nxc4 21. Nd3 Nb6 22. Rab1 Na4 23. Rb3 Rd6 24. Ra3 Qc4 25. Qd2 f6 26. Rb1 b5 27. Nb2 Nxb2 28. Rc3 Rc6 29. Rxc4 Nxc4 30. Qd3 f5 31. Qc3 Kd7 32. Qe1 Ke7 33. a4 Nd6 34. axb5 Nxb5 35. Ra1 g6 36. h3 Kf7 37. Ra2 Rb8 38. Qa1 Rbb6 39. Rb2 Rb7 40. Ra2 Rbb6 41. Rb2 Rb7 42. Qa5 Rbc7 43. Qa1 Nd6 44. Rb8 Nc4 45. Qe1 a5 46. Qh4 Rc8 47. Rb7+ R6c7 48. Rxc7+ Rxc7 49. Qd8 Re7 50. Qa8 1/2-1/2

[Event "Muensterland Verbandsliga 1213"]
[Site "Germany"]
[Date "2013.05.04"]
[Round "9.3"]
[White "Wendker, Christian"]
[Black "Meyer, Ulrich"]
[Result "0-1"]
[WhiteElo "1955"]
[BlackElo "1961"]
[PlyCount "40"]
[EventDate "2012.09.22"]
[EventType "team-tourn"]
[EventRounds "9"]
[EventCountry "GER"]
[SourceTitle "EXT 2015"]
[Source "ChessBase"]
[SourceDate "2014.11.20"]
[SourceVersion "1"]
[SourceVersionDate "2014.11.20"]
[SourceQuality "1"]
[WhiteTeam "Ostbevern Westbevern"]
[BlackTeam "Sendenhorst"]
[WhiteTeamCountry "GER"]
[BlackTeamCountry "GER"]

1. e4 c5 2. Nf3 Nc6 3. d4 cxd4 4. Nxd4 e5 5. Nf3 Nf6 6. Bc4 Bc5 7. 0-0 d6 8. Bg5 h6 9. Bh4 g5 10. Bg3 Nxe4 11. Qd5 Qe7 12. Bxe5 dxe5 13. Qxe4 g4 14. Bb5 gxf3 15. Bxc6+ Kf8 16. Bd5 fxg2 17. Re1 Qf6 18. Qf3 Qxf3 19. Bxf3 Rg8 20. Rxe5 Bxf2+ 0-1

[Event "Muensterland Verbandsliga 1213"]
[Site "Germany"]
[Date "2013.04.13"]
[Round "8.4"]
[White "Fuellborn, Dietrich"]
[Black "Meyer, Ulrich"]
[Result "0-1"]
[WhiteElo "1781"]
[BlackElo "1961"]
[PlyCount "94"]
[EventDate "2012.09.22"]
[EventType "team-tourn"]
[EventRounds "9"]
[EventCountry "GER"]
[SourceTitle "EXT 2015"]
[Source "ChessBase"]
[SourceDate "2014.11.20"]
[SourceVersion "1"]
[SourceVersionDate "2014.11.20"]
[SourceQuality "1"]
[WhiteTeam "Ochtrup"]
[BlackTeam "Sendenhorst"]
[WhiteTeamCountry "GER"]
[BlackTeamCountry "GER"]

1. e4 c5 2. Nf3 Nc6 3. d4 cxd4 4. Nxd4 e5 5. Nb5 a6 6. N5c3 Nf6 7. Bd3 Bc5 8. h3 h6 9. 0-0 0-0 10. b3 d6 11. Ne2 Nh7 12. Ba3 Qh4 13. Bxc5 dxc5 14. Kh2 Ng5 15. Ng1 Ne6 16. g3 Qe7 17. Nc3 Nc7 18. Nd5 Nxd5 19. exd5 Nd8 20. Be4 Qd6 21. c4 f5 22. Bg2 Nf7 23. Qd2 Bd7 24. Ne2 g5 25. Rae1 Qg6 26. b4 Qd6 27. Rb1 Rab8 28. bxc5 Qxc5 29. Qb4 Rfc8 30. Qxc5 Rxc5 31. Rfc1 b6 32. Rc3 Nd6 33. Bf1 Rxc4 34. Ra3 Rc2 35. Kg1 Bc8 36. Rc3 Rxc3 37. Nxc3 b5 38. Nd1 Bb7 39. Ne3 Rc8 40. a4 Rc5 41. axb5 axb5 42. g4 f4 43. Nf5 Nxf5 44. gxf5 Bxd5 45. Rxb5 Rxb5 46. Bxb5 Kf7 47. h4 g4 0-1

[Event "Unna op"]
[Site "Unna"]
[Date "2012.12.30"]
[Round "7"]
[White "Meyer, Ulrich"]
[Black "Kraemer, Sascha"]
[Result "1-0"]
[WhiteElo "2064"]
[BlackElo "1759"]
[PlyCount "83"]
[EventDate "2012.12.27"]
[EventType "swiss"]
[EventRounds "7"]
[EventCountry "GER"]
[SourceTitle "CBM 152 Extra"]
[Source "ChessBase"]
[SourceDate "2013.02.25"]
[SourceVersion "1"]
[SourceVersionDate "2013.02.25"]
[SourceQuality "1"]

1. d4 Nf6 2. Bg5 d5 3. Bxf6 exf6 4. e3 Bf5 5. c4 Bb4+ 6. Nc3 0-0 7. Qb3 Bxc3+ 8. bxc3 dxc4 9. Qxb7 Nd7 10. Bxc4 Qe7 11. Qb2 Rab8 12. Qc1 c5 13. Ne2 Rb6 14. 0-0 Rfb8 15. Qa3 a6 16. Nf4 Qd6 17. Bd3 Bxd3 18. Nxd3 c4 19. Qxd6 Rxd6 20. Nb4 a5 21. Nc2 Nb6 22. Rab1 Rdd8 23. Na3 Na4 24. Rxb8 Rxb8 25. Rb1 Rxb1+ 26. Nxb1 Kf8 27. Kf1 Ke7 28. e4 f5 29. exf5 Kd6 30. Ke2 Kd5 31. f3 Nb2 32. Na3 Nd3 33. Nc2 Nf4+ 34. Kf2 Nd3+ 35. Ke3 Nc1 36. Kd2 Nxa2 37. Ne3+ Kc6 38. Nxc4 Kb5 39. Nd6+ Ka4 40. Kc2 Ka3 41. Nc4+ Ka4 42. Kb2 1-0

[Event "Bad Harzburg op 13th"]
[Site "Bad Harzburg"]
[Date "2012.11.03"]
[Round "7"]
[White "Carlstedt, Jonathan"]
[Black "Meyer, Ulrich"]
[Result "1-0"]
[WhiteElo "2383"]
[BlackElo "2067"]
[PlyCount "79"]
[EventDate "2012.10.30"]
[EventType "swiss"]
[EventRounds "8"]
[EventCountry "GER"]
[SourceTitle "EXT 2014"]
[Source "ChessBase"]
[SourceDate "2013.11.20"]
[SourceVersion "1"]
[SourceVersionDate "2013.11.20"]
[SourceQuality "1"]

1. c4 e5 2. g3 Nc6 3. Bg2 g6 4. Nc3 Bg7 5. Rb1 d6 6. b4 Bf5 7. d3 Qd7 8. Nd5 Nd8 9. e4 Be6 10. Ne2 c6 11. Ne3 Ne7 12. h3 h5 13. d4 Qc7 14. Bb2 f6 15. a3 Nf7 16. Rc1 Bd7 17. Qd2 Rd8 18. 0-0 0-0 19. f4 b6 20. Bc3 c5 21. bxc5 dxc5 22. d5 Nd6 23. Qd3 Qc8 24. Kh2 Qa6 25. a4 Nec8 26. Ra1 Nb7 27. Ng1 Ncd6 28. Nf3 exf4 29. gxf4 Na5 30. Nh4 g5 31. Ng6 Rfe8 32. fxg5 fxg5 33. Bxg7 Kxg7 34. Qc3+ Kh7 35. Rf6 Rg8 36. Rxd6 Rxg6 37. Rf1 Rg7 38. Rff6 Re8 39. Rh6+ Kg8 40. Rxd7 1-0

[Event "Bad Harzburg op 13th"]
[Site "Bad Harzburg"]
[Date "2012.11.01"]
[Round "5"]
[White "Neubauer, Ralf"]
[Black "Meyer, Ulrich"]
[Result "0-1"]
[WhiteElo "2008"]
[BlackElo "2067"]
[PlyCount "36"]
[EventDate "2012.10.30"]
[EventType "swiss"]
[EventRounds "8"]
[EventCountry "GER"]
[SourceTitle "EXT 2014"]
[Source "ChessBase"]
[SourceDate "2013.11.20"]
[SourceVersion "1"]
[SourceVersionDate "2013.11.20"]
[SourceQuality "1"]

1. d4 d5 2. c4 dxc4 3. e3 e5 4. dxe5 Qxd1+ 5. Kxd1 Nc6 6. Nf3 Bg4 7. Bxc4 Nxe5 8. Be2 0-0-0+ 9. Kc2 Bf5+ 10. Kb3 Nc6 11. Bd2 Nf6 12. Bc3 Ne4 13. Rf1 Nc5+ 14. Ka3 a5 15. b3 Nd3+ 16. Ka4 b5+ 17. Kxb5 Rd5+ 18. Ka6 Kb8 0-1